Empedocless shoe (Record no. 629926)

MARC details
000 -LEADER
fixed length control field 00781nam a2200241Ia 4500
003 - CONTROL NUMBER IDENTIFIER
control field OSt
005 - DATE AND TIME OF LATEST TRANSACTION
control field 20220926014826.0
008 - FIXED-LENGTH DATA ELEMENTS--GENERAL INFORMATION
fixed length control field 220923b |||||||| |||| 00| 0 eng d
020 ## - INTERNATIONAL STANDARD BOOK NUMBER
International Standard Book Number 9780413757302
037 ## - SOURCE OF ACQUISITION
Terms of availability General Book
040 ## - CATALOGING SOURCE
Original cataloging agency RTL
Transcribing agency RTL
Language of cataloging eng
041 ## - LANGUAGE CODE
Source of code eng
Language code of text/sound track or separate title eng
100 ## - MAIN ENTRY--PERSONAL NAME
Personal name KUHN Tom
9 (RLIN) 321160
245 #0 - TITLE STATEMENT
Title Empedocless shoe
Remainder of title Essays on brechts poetry
260 ## - PUBLICATION, DISTRIBUTION, ETC.
Place of publication, distribution, etc. New York
Name of publisher, distributor, etc. Methuen Drama
Date of publication, distribution, etc. 2016
300 ## - PHYSICAL DESCRIPTION
Extent xi,302p.
Dimensions cm.
700 ## - ADDED ENTRY--PERSONAL NAME
Personal name LEEDER Karen
9 (RLIN) 321161
942 ## - ADDED ENTRY ELEMENTS (KOHA)
Classification part O111,1 M98, P2
Koha item type General Books
Source of classification or shelving scheme Colon Classification (CC)
Holdings
Withdrawn status Lost status Damaged status Not for loan Home library Current library Date acquired Source of acquisition Cost, normal purchase price Total Checkouts Full call number Barcode Date last seen Cost, replacement price Price effective from Koha item type
        Ratan Tata Library Ratan Tata Library 2022-09-26 50057, 07/03/2017, Segment Book Distributors 2038.25   O111,1 M98 P2 RT1500338 2022-09-26 2038.25 2022-09-26 General Books
Copyright @ Delhi University Library System